[Event "Challenge"]
[Site "http://www.queenalice.com/game.php?id=1765056"]
[Date "2021.7.21"]
[Round "-"]
[White "ClivetheBeard"]
[Black "CountryRocker"]
[Result "1-0"]
[WhiteElo "2660"]
[BlackElo "1405"]

1. g4 c5 2. c4 d6 3. Bg2 Nc6 4. g5 g6 5. Nc3 Bg7 6. d3 e6 7. h4 Nge7 8. h5 O-O
9. e3 Ne5 10. f4 N5c6 11. Nh3 b6 12. Nf2 Bb7 13. Qg4 Na5 14. Bxb7 Nxb7 15. hxg6
hxg6 16. Nfe4 Nf5 17. Bd2 d5 18. cxd5 exd5 19. Nf6+ Bxf6 20. gxf6 Qxf6 21. Nxd5
Qg7 22. Qxf5 gxf5 23. Ne7# 1-0

[Event "Let's Play Chess!"]
[Site "http://www.queenalice.com/game.php?id=1796567"]
[Date "2022.9.21"]
[Round "-"]
[White "Scar"]
[Black "CountryRocker"]
[Result "0-1"]
[WhiteElo "1143"]
[BlackElo "1418"]

1. e4 d6 2. d4 g6 3. f4 Bg7 4. e5 dxe5 5. fxe5 c5 6. c3 Nc6 7. Bb5 cxd4 8. cxd4
Qd5 9. Bxc6+ Qxc6 10. Nc3 Qxg2 11. Qf3 Bh3 12. Nce2 Qxf3 13. Nxf3 Bg2 14. Rf1
Bxf1 15. Kxf1 Nh6 16. Be3 Nf5 17. Bf2 O-O 18. Rc1 Rac8 19. Nc3 e6 20. Ke2 f6 21.
Rg1 Rc4 22. Rd1 Rd8 23. Nb5 fxe5 24. Nxe5 Bxe5 25. dxe5 Rc2+ 26. Ke1 Rxd1+ 27.
Kxd1 Rxf2 28. Nxa7 Rxb2 29. a4 g5 30. a5 h5 31. Nc8 g4 32. Nd6 Nxd6 0-1

[Event "Let's Play Chess!"]
[Site "http://www.queenalice.com/game.php?id=1796568"]
[Date "2022.9.21"]
[Round "-"]
[White "Scar"]
[Black "CountryRocker"]
[Result "0-1"]
[WhiteElo "1154"]
[BlackElo "1412"]

1. e4 d6 2. d4 e5 3. d5 Be7 4. g3 Nf6 5. Bd3 Nbd7 6. b4 c6 7. c4 cxd5 8. cxd5 a5
9. Qa4 Nxd5 10. exd5 e4 11. Bb5 Bf6 12. Nd2 Bxa1 13. Nxe4 O-O 14. Ne2 Ne5 15.
Qc2 Nf3+ 16. Kd1 axb4 17. Qd3 Ne5 18. Qc2 Qa5 19. Bc4 Nxc4 20. Qxc4 Bg4 21. h3
Bf3 22. Rg1 Rfe8 23. Re1 Rxe4 24. Qd3 Rd4 25. Qxd4 Bxd4 26. Bd2 Qa4+ 27. Kc1
Bb2+ 28. Kxb2 Qxa2+ 29. Kc1 b3 30. Bc3 Qc2# 0-1

[Event "Let's Play Chess!"]
[Site "http://www.queenalice.com/game.php?id=1796569"]
[Date "2022.9.21"]
[Round "-"]
[White "CountryRocker"]
[Black "Scar"]
[Result "1-0"]
[WhiteElo "1399"]
[BlackElo "1184"]

1. c4 e5 2. e3 d6 3. d4 Nd7 4. Nc3 Ngf6 5. Nf3 Qe7 6. Be2 h6 7. O-O e4 8. Nd2 c6
9. Qc2 d5 10. cxd5 cxd5 11. Nb5 Rb8 12. Nxa7 Nb6 13. a4 Bd7 14. a5 Na8 15. f3
Qd6 16. fxe4 dxe4 17. Nxe4 Nxe4 18. Qxe4+ Be7 19. Nb5 Bxb5 20. Bxb5+ Kd8 21.
Rxf7 Nc7 22. Ba4 Rf8 23. Rxf8+ Bxf8 24. Bd2 b5 25. axb6 Rxb6 26. Ba5 Ra6 27.
Qe8# 1-0

[Event "Let's Play Chess!"]
[Site "http://www.queenalice.com/game.php?id=1796570"]
[Date "2022.9.21"]
[Round "-"]
[White "CountryRocker"]
[Black "Scar"]
[Result "1-0"]
[WhiteElo "1406"]
[BlackElo "1167"]

1. d3 e5 2. c4 d5 3. cxd5 Qxd5 4. Nc3 Qd8 5. Nf3 Bd6 6. g3 Nf6 7. Bg2 Bd7 8. d4
e4 9. Ng5 Bf5 10. Ngxe4 Nxe4 11. Nxe4 Bxe4 12. Bxe4 c6 13. Qd3 Nd7 14. O-O Qe7
15. Bg2 O-O 16. Bd2 Rae8 17. e4 f6 18. Qb3+ Rf7 19. Bc3 b5 20. Rae1 a6 21. e5
fxe5 22. dxe5 Nxe5 23. Bxe5 Bxe5 24. Bxc6 Rc8 25. Bd5 Rf8 26. Bxf7+ Rxf7 27. Qd5
Kf8 28. Rxe5 Qf6 29. Qa8+ 1-0

[Event "Let's Play Chess!"]
[Site "http://www.queenalice.com/game.php?id=1796572"]
[Date "2022.9.21"]
[Round "-"]
[White "Christhechessplayer"]
[Black "CountryRocker"]
[Result "0-1"]
[WhiteElo "1856"]
[BlackElo "1511"]

1. e4 d6 2. d4 e5 3. Nf3 Nf6 4. Nc3 Nbd7 5. Bc4 h6 6. dxe5 dxe5 7. O-O c6 8. Re1
Qc7 9. a4 Bb4 10. Bd2 a5 11. Na2 Bd6 12. Nc3 Nc5 13. h3 Be6 14. Bxe6 Nxe6 15.
Nh4 O-O-O 16. Nf5 Bb4 17. Qe2 g6 18. Ng3 h5 19. Nb1 Bc5 20. Nf1 g5 21. Be3 Nf4
22. Qc4 Bxe3 23. fxe3 Ne6 24. g3 Qb6 25. Nbd2 Nc5 26. Red1 Rhf8 27. Qc3 Nfxe4
28. Nxe4 Nxe4 29. Rxd8+ Rxd8 30. Qxe5 Qb4 31. Qf5+ Kc7 32. Ra3 b6 33. Rd3 Nd6
0-1

[Event "Let's Play Chess!"]
[Site "http://www.queenalice.com/game.php?id=1796573"]
[Date "2022.9.21"]
[Round "-"]
[White "CountryRocker"]
[Black "Christhechessplayer"]
[Result "1-0"]
[WhiteElo "1421"]
[BlackElo "1906"]

1. d3 d5 2. Bf4 c6 3. Nf3 Bg4 4. Nbd2 e6 5. e3 Nf6 6. h3 Bxf3 7. Qxf3 Nbd7 8. g4
h6 9. O-O-O Qa5 10. Kb1 Be7 11. h4 e5 12. Bg3 O-O-O 13. Bh3 g5 14. Qf5 Kb8 15.
hxg5 hxg5 16. d4 Ka8 17. dxe5 Ng8 18. Qxf7 Qb4 19. a3 Qb6 20. Ka2 Bf8 21. e6 Nh6
22. Qh5 Bg7 23. Nb3 Nf5 24. Qxg5 Nxg3 25. fxg3 Bh6 26. Qe7 Bf8 27. Qf7 Ne5 28.
Qf6 Nc4 29. Qxh8 Bxa3 30. Qd4 c5 31. Qf4 Bxb2 32. Rxd5 Rxd5 33. Qf8+ Rd8 34. e7
Qa6+ 35. Kb1 1-0

[Event "Let's Play Chess!"]
[Site "http://www.queenalice.com/game.php?id=1796574"]
[Date "2022.9.21"]
[Round "-"]
[White "Christhechessplayer"]
[Black "CountryRocker"]
[Result "0-1"]
[WhiteElo "1858"]
[BlackElo "1481"]

1. e4 d6 2. d4 Nf6 3. Nc3 e5 4. dxe5 dxe5 5. Qxd8+ Kxd8 6. Bg5 Nd7 7. O-O-O c6
8. Nf3 Kc7 9. Bc4 Ng4 10. Rd2 f6 11. Bh4 b5 12. Be6 Nc5 13. Bxc8 Rxc8 14. Rhd1
b4 15. Nb1 Nxe4 16. Rd7+ Kb6 17. Nbd2 Nc5 18. Nc4+ Ka6 19. Rd8 Rxd8 20. Rxd8 g5
21. Bg3 h5 22. h3 Nh6 23. Nfd2 Nf5 24. Nb3 Nxb3+ 25. axb3 g4 26. Kb1 Bg7 27. Rd7
gxh3 28. gxh3 Rb8 29. Nd6 Nxd6 30. Rxd6 Kb6 31. f4 exf4 32. Bxf4 Re8 33. Bg3 Re2
0-1

[Event "Let's Play Chess!"]
[Site "http://www.queenalice.com/game.php?id=1796575"]
[Date "2022.9.21"]
[Round "-"]
[White "CountryRocker"]
[Black "Christhechessplayer"]
[Result "1-0"]
[WhiteElo "1451"]
[BlackElo "1876"]

1. Nf3 d5 2. c4 e6 3. d4 Nf6 4. e3 Be7 5. Nc3 a6 6. b3 O-O 7. Bd3 Nbd7 8. O-O c5
9. cxd5 exd5 10. Bc2 b6 11. dxc5 Nxc5 12. Bb2 Bb7 13. Ne2 Rc8 14. Nf4 Nce4 15.
Rc1 g5 16. Ne2 g4 17. Nfd4 Bb4 18. Bxe4 Rxc1 19. Bxh7+ Kxh7 20. Nxc1 Rg8 21.
Nce2 Rg5 22. Ng3 Kg8 23. Ndf5 d4 24. Qxd4 Qxd4 25. Bxd4 Ne4 26. Nh6+ Kf8 27.
Nxe4 Bxe4 28. Nxg4 f5 29. f3 Bd3 30. Nf6 Bxf1 31. Nh7+ Ke7 32. Nxg5 Bd3 33. h4
b5 34. h5 1-0

[Event "Challenge"]
[Site "http://www.queenalice.com/game.php?id=1797083"]
[Date "2022.9.28"]
[Round "-"]
[White "ClivetheBeard"]
[Black "CountryRocker"]
[Result "1-0"]
[WhiteElo "2630"]
[BlackElo "1401"]

1. e4 d6 2. Nf3 e5 3. d4 Nd7 4. Bc4 Ngf6 5. dxe5 Nxe5 6. Nxe5 dxe5 7. Bxf7+ Kxf7
8. Qxd8 Bb4+ 9. Qd2 Bxd2+ 10. Nxd2 Be6 11. b3 Nd7 12. Bb2 1-0

[Event "Challenge"]
[Site "http://www.queenalice.com/game.php?id=1797230"]
[Date "2022.10.1"]
[Round "-"]
[White "CountryRocker"]
[Black "ClivetheBeard"]
[Result "0-1"]
[WhiteElo "1423"]
[BlackElo "2633"]

1. d3 d5 2. Nf3 c5 3. a3 Nc6 4. Nbd2 Nf6 5. e4 Bg4 6. Be2 e6 7. O-O Qc7 8. h3 h5
9. c3 O-O-O 10. hxg4 hxg4 11. b4 gxf3 12. Bxf3 Qh2# 0-1

[Event "Challenge"]
[Site "http://www.queenalice.com/game.php?id=1797507"]
[Date "2022.10.6"]
[Round "-"]
[White "Jo_AnnaSummer"]
[Black "CountryRocker"]
[Result "1-0"]
[WhiteElo "2439"]
[BlackElo "1541"]

1. d4 d5 2. c4 e6 3. Nc3 Nf6 4. Bg5 Be7 5. e3 O-O 6. Rc1 b6 7. Nf3 Bb7 8. cxd5
exd5 9. Bd3 Na6 10. Bb1 Rc8 11. a3 c5 12. Qd3 cxd4 13. Bxf6 Bxf6 14. Qxh7# 1-0